Witamy w Bibliotece Naukowej Instytutu Łączności!

Einheiten-Grundbegriffe-Messverfahren der Nachrichten-Uebertragstechnik / (Rekord nr 3791)

000 -LEADER
fixed length control field 00566 a2200145 4500
100 1# - MAIN ENTRY--PERSONAL NAME
Personal name Bidlingmaier, Meinrad.
Relator term Autor
245 0# - TITLE STATEMENT
Title Einheiten-Grundbegriffe-Messverfahren der Nachrichten-Uebertragstechnik /
Statement of responsibility, etc Bidlingmaier Meinrad, Haag Albert, Kuehnemann Karl.
250 ## - EDITION STATEMENT
Edition statement 4 ueberarb. und erweit. Aufl..
260 ## - PUBLICATION, DISTRIBUTION, ETC. (IMPRINT)
Place of publication, distribution, etc Berlin :
Name of publisher, distributor, etc Siemens,
Date of publication, distribution, etc 1973.
300 ## - PHYSICAL DESCRIPTION
Extent 261 s.;
Dimensions 25 cm.
490 1# - SERIES STATEMENT
Series statement Biblioteka Techniceskoj Kibernetiki
700 1# - ADDED ENTRY--PERSONAL NAME
Personal name Haag, Albert.
Relator term Autor
700 1# - ADDED ENTRY--PERSONAL NAME
Personal name Kuehnemann, Karl.
Relator term Autor
710 2# - ADDED ENTRY--CORPORATE NAME
Corporate name or jurisdiction name as entry element Siemens.
Relator term Wydawca
Relator code pbl
830 #0 - SERIES ADDED ENTRY--UNIFORM TITLE
Uniform title Biblioteka Techniceskoj Kibernetiki
Egzemplarze
Withdrawn status Lost status Source of classification or shelving scheme Damaged status Not for loan Permanent Location Current Location Shelving location Date acquired Cost, normal purchase price Inventory number Full call number Barcode Date last seen Price effective from Koha item type
          Instytut Łączności Instytut Łączności Magazyn 1974-12-12 0.00 29335 29335 29335 2022-08-05 2017-11-30 Książki

Działa dzięki Koha